00336nam a22001337a 4500020001500000082001500015100002400030245002700054260004700081300000900128650001400137650002700151700002400178 a0195674030 a547.78 DAV aDavis, Benjanmin G. aCarbohydrare Chemistry aNew York:bOxford University Press,c2002. a100p aChemistry aCarbohydrate Chmistry  aFairbank, Antony J.